000 02460nam a2200349 a 4500
003 CHAP
005 20240902133323.0
007 ta
008 240829s2019 mx abd|fr|||| 001 0 spa d
020 _a 978-607-17-3577-5
040 _aZ
_cCHAP
_erda
041 0 _bEspañol
_fEspañol
082 0 0 _a631.4
_bO78 2019
_220
100 1 _aOrtiz Solorio, Carlos Alberto
_984067
_eautor
245 1 0 _aEdafología /
_bCarlos Alberto Ortiz Solorio
264 1 _aCiudad de México :
_bTrillas,
_c2019
300 _a399 páginas:
_bilustraciones, mapas, tablas, gráficas
336 _2rdacontent
_atexto
_btxt
337 _2rdamedia
_asin medio
_bn
338 _2rdacarrier
_avolumen
_bnc
500 _aej.1: consumo
504 _aBibliografía: páginas 377 - 386
505 0 0 _gCap. 1. La ciencia del suelo -- Cap. 2. Formación del suelo y su morfología -- Cap. 3. Rocas y minerales -- Cap. 4. Arquitectura y propiedades físicas del suelo -- Cap. 5. Agua y atmósfera del suelo -- Cap. 6. Materia orgánica del suelo -- Cap. 7. Organismos del suelo -- Cap. 8. Intercambio iónico en los suelos -- Cap. 9. Reacción del suelo -- Cap. 10. Clasificación de suelos -- Cap. 11. Estudios de suelos -- Cap. 12. El recurso y su importancia -- Cap. 13. El conocimiento del suelo y el desarrollo de las plantas -- Cap. 14. Etnoedafología -- Apéndice -- Bibliografía -- Índice Onomástico -- Índice Analítico
520 _aEl suelo es uno de los recursos naturales más significativos en la vida del hombre porque de él obtiene sus alimentos, las fibras para sus vestidos y los productos que se convertirán en sus medicinas. Para determinar cómo se forma un suelo, cuál es su composición, qué propiedades tiene y los organismos que en él se desarrollan existe una disciplina que se denomina Edafología o Ciencia del suelo, por medio de la cual es posible establecer, por ejemplo, su capacidad de uso, aptitud del riego o nivel de fertilidad. En esta obra el autor expone cómo se origina dicha ciencia, sus características más relevantes, las clasificaciones científicas que emplea, así como el conocimiento tradicional con el que también es posible estudiarla.
534 _pTítulo original:
650 1 3 _aCiencia del suelo
_9189497
650 1 3 _aAnálisis del suelo
_9189498
650 1 3 _aFísica del suelo
_9140215
650 1 3 _aPropiedades biológicas del suelo
_9162542
650 1 7 _aSuelos
_9110191
_xClasificación
942 _2ddc
_cLIBRO
999 _c220119
_d220119